Fundamental principles of Bacteriology

Guardat en:
Dades bibliogràfiques
Autor principal: Salle, Anthony Joseph
Format: Llibre
Idioma:anglès
Publicat: New York, USA McGraw-Hill 1967
Edició:Sexta edición
Matèries:
Etiquetes: Afegir etiqueta
Sense etiquetes, Sigues el primer a etiquetar aquest registre!

MARC

LEADER 00000nam a2200000 a 4500
001 UCY1152
003 CL-VaPUC
005 20230412074522.0
008 940822e19670000US |||||||||||||||||eng|d
999 |c 229940  |d 229938 
040 |c Pontificia Universidad Católica de Valparaíso 
082 0 4 |a 589.9 SAL 1967  |2 21 
100 0 |a Salle, Anthony Joseph  |9 329042 
245 1 0 |a Fundamental principles of Bacteriology 
246 1 0 |a Bacteriology 
250 |a Sexta edición 
260 0 3 |a New York, USA  |b McGraw-Hill  |c 1967 
300 |a 822 páginas 
583 |a last modification  |c 19940822 00:00:00  |k Rodrigo Vera 
650 0 |a Bacteriología  |9 259330 
942 |c BK  |2 ddc 
945 |d 19940822 00:00:00  |a mfernand 
952 |0 0  |1 0  |2 ddc  |4 0  |6 589_900000000000000_SAL_1967  |7 0  |8 A  |9 231684  |a BIBALI  |b BIBALI  |c GEN  |d 2019-11-15  |i 3012034  |o 589.9 SAL 1967  |p 3012034  |r 2025-01-20  |t 2  |w 2019-11-15  |y BK  |k ALI 
952 |0 0  |1 0  |2 ddc  |4 0  |6 589_900000000000000_SAL_1967  |7 0  |8 A  |9 231685  |a BIBCUR  |b BIBCUR  |d 2019-11-15  |i 2087138  |o 589.9 SAL 1967  |p 2087138  |r 2025-04-22  |t 1  |w 2019-11-15  |y BK  |k BIO